000 00612nam a22001937a 4500
005 20250207115215.0
010 _aENG-140536
020 _a9789393701473
_c550.00
035 _aEN-124068
037 _bDBAD
082 _a032.02
245 _aLimca book of records 2023 :
_bIndia's incredibles /
_cedited by Vijaya Ghose
260 _aGurgaon
_bCoca-Cola Inc.
_c2023
270 _a4th & 5th Floors, Corporate Centre Plot No. 94, Sector 44,
_bHaryana
_e122003
300 _a496p. :
_c27cm(Hb)
_bcol.photos
700 _aGhose,Vijaya
_977432
942 _2ddc
_cEN
_mLIM
_h032.02
999 _c208950
_d208950